000 00245nam a2200109Ia 4500
008 220204s9999 xx 000 0 und d
082 _a82-3
_bCOR
100 _aCorelli, Marie
245 0 _aWormwood
260 _aBombay
_bWilco
_c1963
942 _cBK
999 _c29562
_d29562